MARC details
| 000 -CABECERA |
| campo de control de longitud fija |
03864nam a2200349 a 4500 |
| 003 - IDENTIFICADOR DEL NÚMERO DE CONTROL |
| campo de control |
OSt |
| 005 - FECHA Y HORA DE LA ÚLTIMA TRANSACCIÓN |
| campo de control |
20250903062751.0 |
| 007 - CAMPO FIJO DE DESCRIPCIÓN FÍSICA--INFORMACIÓN GENERAL |
| campo de control de longitud fija |
cr ||||||a|c|a |
| 008 - DATOS DE LONGITUD FIJA--INFORMACIÓN GENERAL |
| campo de control de longitud fija |
250121s2021 |||a|||fom||| 001 0 spa d |
| 040 ## - FUENTE DE LA CATALOGACIÓN |
| Normas de descripción |
rda |
| 100 1# - ENTRADA PRINCIPAL--NOMBRE DE PERSONA |
| Nombre de persona |
Jiménez Rosales, Juan Daniel |
| 9 (RLIN) |
125885 |
| 245 1# - MENCIÓN DE TÍTULO |
| Título |
Tasa de consumo en vacas y rendimiento de avena negra a diferentes alturas de pastura e intensidades de cosecha / |
| Mención de responsabilidad, etc. |
por Juan Daniel Jiménez Rosales; director de tesis Ricardo Daniel Améndola Massiotti; asesor externo Edmundo García Moya, Juan Andrés Burgueño Ferreira y Luis Alberto Miranda Romero; lector externo Epigmenio Castillo Gallegos. |
| 264 #1 - PRODUCCIÓN, PUBLICACIÓN, DISTRIBUCIÓN, FABRICACIÓN Y COPYRIGHT |
| Producción, publicación, distribución, fabricación y copyright |
Chapingo, México : |
| Nombre del de productor, editor, distribuidor, fabricante |
El autor, |
| Fecha de producción, publicación, distribución, fabricación o copyright |
2021. |
| 300 ## - DESCRIPCIÓN FÍSICA |
| Extensión |
1 recurso en línea (110 páginas): |
| Otras características físicas |
cuadros, figuras. |
| 336 ## - TIPO DE CONTENIDO |
| Fuente |
rdacontent |
| Término de tipo de contenido |
texto |
| Código de tipo de contenido |
txt |
| 337 ## - TIPO DE MEDIO |
| Fuente |
rdamedia |
| Nombre/término del tipo de medio |
computadora |
| Código del tipo de medio |
c |
| 338 ## - TIPO DE SOPORTE |
| Fuente |
rdacarrier |
| Nombre/término del tipo de soporte |
recurso en línea |
| Código del tipo de soporte |
cr |
| 502 ## - NOTA DE TESIS |
| Tipo de título |
Doctorado en Ciencias en Innovación Ganadera |
| Nombre de la institución que otorga el título |
Departamento de Enseñanza, Investigación y Servicio en Zootecnia, |
| Año de obtención del título |
2021. |
| Información miscelánea |
Doctorado |
| 504 ## - NOTA DE BIBLIOGRAFÍA, ETC. |
| Nota de bibliografía, etc. |
Incluye referencias bibliográficas: páginas 4-5, 24-30, 49-52, 70-73, 92-96. |
| 520 ## - SUMARIO, ETC. |
| Sumario, etc. |
Para contrarrestar la disminución de la oferta de forraje de pasturas perennes durante el invierno, es necesario el establecimiento de pasturas anuales y avena negra (Avena strigosa Schreb) es una opción. Pero, características de la pastura como su altura se asocian con la ingesta de forraje, factor clave en los sistemas pastoriles. Un objetivo fue evaluar el efecto de alturas de pastura (40, 50, 60 y 70 cm) en la tasa de consumo de forraje y los movimientos mandibulares de vacas. Además del consumo, otro componente de los sistemas pastoriles es el rendimiento y la composición del forraje. La frecuencia e intensidad de defoliación son criterios de cosecha que afectan dichas variables. En consecuencia, otro objetivo fue evaluar el rendimiento, la composición morfológica y química de avena negra y su asociación con veza (Vicia villosa Roth) bajo frecuencias (alturas de pastura, 40, 50, 60 y 70 cm) e intensidades de cosecha (alturas de forraje residual, 8, 14 y 20 cm). La tasa de consumo fue mayor (p<0.05) en pasturas de 70 cm (92.9 g ms min-1) que en las de 40, 50 y 60 cm (promedios de 70.4 g ms min-1). La tasa de movimientos mandibulares de bocados fue mayor (p<0.05) en alturas de 40 y 50 cm (promedio de 41.5 bocados min-1) que en 60 y 70 cm (promedio de 35.8 bocados min-1). En contraste la tasa de movimientos mandibulares de masticación fue mayor (p<0.05) en 70 cm (30.1 masticaciones min-1) que, en 40, 50 y 60 cm (promedio de 24.4 masticaciones min-1). El rendimiento de forraje aumentó (p=0.007, 35 kg ms cm-1, R2 = 0.91) de forma lineal, la lámina foliar disminuyó (p=0.001,-33 kg ms cm-1, R2 = 0.99) y el de pseudotallo más tallo también aumentó (p=0.001, 46 kg ms cm-1, R2 = 0.98,) con el incremento de la altura. El rendimiento de forraje y la proteína cruda fueron 17 % y 19 % superiores (p<0.05) en monocultivo que en asociación (6743 vs. 5754 kg ms ha-1, 19.2 vs. 16.2 %). Con base en los experimentos de corte en avena negra hubo una relación opuesta entre la cantidad (aumentó) y la calidad del forraje (disminuyó) con el incremento de la altura de la pastura. |
| 650 #4 - PUNTO DE ACCESO ADICIONAL DE MATERIA--TÉRMINO DE MATERIA |
| Término de materia o nombre geográfico como elemento de entrada |
Avena strigosa |
| Subdivisión general |
Valor nutritivo |
| 9 (RLIN) |
188700 |
| 650 #4 - PUNTO DE ACCESO ADICIONAL DE MATERIA--TÉRMINO DE MATERIA |
| Término de materia o nombre geográfico como elemento de entrada |
Avena strigosa |
| Subdivisión general |
Rendimiento |
| 9 (RLIN) |
188701 |
| 650 #4 - PUNTO DE ACCESO ADICIONAL DE MATERIA--TÉRMINO DE MATERIA |
| Término de materia o nombre geográfico como elemento de entrada |
Vacas lecheras en pastoreo |
| 9 (RLIN) |
146636 |
| 650 #7 - PUNTO DE ACCESO ADICIONAL DE MATERIA--TÉRMINO DE MATERIA |
| Término de materia o nombre geográfico como elemento de entrada |
Forrajes |
| Subdivisión general |
Digestibilidad |
| Fuente del encabezamiento o término |
|
| 9 (RLIN) |
42568 |
| 700 1# - PUNTO DE ACCESO ADICIONAL--NOMBRE DE PERSONA |
| Nombre de persona |
Améndola Massiotti, Ricardo Daniel |
| 9 (RLIN) |
162276 |
| Término indicativo de función/relación |
Director de tesis. |
| 700 1# - PUNTO DE ACCESO ADICIONAL--NOMBRE DE PERSONA |
| Nombre de persona |
García Moya, Edmundo |
| 9 (RLIN) |
46345 |
| Término indicativo de función/relación |
Asesor externo. |
| 700 1# - PUNTO DE ACCESO ADICIONAL--NOMBRE DE PERSONA |
| Nombre de persona |
Burgueño Ferreira, Juan A |
| 9 (RLIN) |
16182 |
| Término indicativo de función/relación |
Asesor externo. |
| 700 1# - PUNTO DE ACCESO ADICIONAL--NOMBRE DE PERSONA |
| Nombre de persona |
Miranda Romero, Luis Alberto |
| 9 (RLIN) |
76103 |
| Término indicativo de función/relación |
Asesor externo. |
| 700 1# - PUNTO DE ACCESO ADICIONAL--NOMBRE DE PERSONA |
| Nombre de persona |
Castillo Gallegos, Epigmeo |
| 9 (RLIN) |
20128 |
| Término indicativo de función/relación |
Lector externo. |
| 856 ## - LOCALIZACIÓN Y ACCESO ELECTRÓNICOS |
| Identificador Uniforme del Recurso |
http://10.13.5.2/tesis/td/2021_ZO_Jimenez_Rosales_JuanDaniel.pdf |
| Nota pública |
DESCARGAR PDF |
| 942 ## - ELEMENTOS DE PUNTO DE ACCESO ADICIONAL (KOHA) |
| Fuente del sistema de clasificación o colocación |
Clasificación Universidad Autónoma Chapingo |
| Tipo de ítem Koha |
Tesis digital |